| 000 | 01021nam a2200373Ia 4500 | ||
|---|---|---|---|
| 001 | 2662 | ||
| 008 | 191123s9999 xx 000 0 und d | ||
| 041 | _aeng | ||
| 044 | _axxu | ||
| 100 | _aMunch, Edvard, | ||
| 245 | 0 | _aEdvard Munch lithographs, etchings, woodents. | |
| 260 |
_aLos Angeles : _bCounty Museum of art, _c1969. |
||
| 300 | _a118 p. | ||
| 500 | _aCatálogo de la exposición realizada del 28 de enero al 9 de marzo de 1969, con introducción de William S. Lieberman y notas de Ebria Feinblat | ||
| 504 | _aBibliografía pp. 117-118 | ||
| 650 | _aBIOGRAFIAS | ||
| 650 | _aESTADOS UNIDOS | ||
| 650 | _aEXPOSICIONES | ||
| 650 | _aFEINBLAT, EBRIA, | ||
| 650 | _aGRABADOS | ||
| 650 | _aLIEBERMAN, WILLIAM S. | ||
| 650 | _aLITOGRAFIAS | ||
| 650 | _aMUNCH, EDVARD | ||
| 650 | _aNORUEGA | ||
| 650 | _aXILOGRAFIAS | ||
| 902 | _aM | ||
| 903 | _am | ||
| 904 | _am | ||
| 907 | _aImpreso | ||
| 911 | _aláminas color y b/n; 26 cm | ||
| 912 | _a1969 | ||
| 942 | _cLIBRO | ||
| 999 |
_c2345 _d2345 |
||